000 00362nam a2200145Ia 4500
008 240624s9999 xx 000 0 und d
041 _aeng
082 _a004 TUR
100 _aTURBAN EFRAIM
245 _aINTRODUCTION TO INFORMATION TECHNOLOGY
250 _a(2nd ed.)
260 _c2009
_aNew Delhi
_bWIley
300 _ax, : 526 : p. : cm. ; 26
365 _cRS
999 _c20845
_d20845